| 000 | 00446nam a2200169 a 4500 | ||
|---|---|---|---|
| 001 | 5538 | ||
| 003 | CDMR | ||
| 005 | 20131024134505.0 | ||
| 008 | 130130s1991||||||||||||||||||||||||||||d | ||
| 040 |
_aCDMR _bcat _cCDMR |
||
| 245 | 0 |
_aRàdio Gèlida _b: deu anys |
|
| 260 |
_aGèlida _c1991 _bRàdio Gèlida |
||
| 300 | _a35 p. | ||
| 500 | _aButlletí commemoratiu del desè aniversari | ||
| 650 | 0 | 4 |
_93756 _aRàdio local _zCatalunya |
| 942 |
_cFULLET _2udc |
||
| 999 |
_c5538 _d5538 |
||